Encyclopaedia of education / (Record no. 14097)

MARC details
000 -LEADER
fixed length control field 01894nam a22002897a 4500
005 - DATE AND TIME OF LATEST TRANSACTION
control field 20080630110029.0
008 - FIXED-LENGTH DATA ELEMENTS--GENERAL INFORMATION
fixed length control field 080618t xxu||||| |||| 00| 0 eng d
010 ## - LIBRARY OF CONGRESS CONTROL NUMBER
LC control number ENG-90438-42
020 ## - INTERNATIONAL STANDARD BOOK NUMBER
Terms of availability 2800.00 (set of 5 vol.)
International Standard Book Number 8131303818 (set)
035 ## - SYSTEM CONTROL NUMBER
System control number EN-73971-75
037 ## - SOURCE OF ACQUISITION
Source of stock number/acquisition DBAD / PUB
040 ## - CATALOGING SOURCE
Original cataloging agency DPL
Language of cataloging EN
082 ## - DEWEY DECIMAL CLASSIFICATION NUMBER
Classification number 370.3
100 ## - MAIN ENTRY--PERSONAL NAME
Personal name Siddiqui, Mujibul Hasan
245 ## - TITLE STATEMENT
Title Encyclopaedia of education /
Statement of responsibility, etc by Mujibul Hasan Siddiqui
260 ## - PUBLICATION, DISTRIBUTION, ETC. (IMPRINT)
Place of publication, distribution, etc New Delhi
Name of publisher, distributor, etc APH Publishing Corporation
Date of publication, distribution, etc 2008
260 ## - PUBLICATION, DISTRIBUTION, ETC. (IMPRINT)
Place of publication, distribution, etc
Name of publisher, distributor, etc
300 ## - PHYSICAL DESCRIPTION
Extent 5V. (ix, 256p.; ix, 292p.; ix, 256p.; ix, 258p.; ix, 274p.)
Dimensions 23 cm (Hb)
500 ## - GENERAL NOTE
General note Includes bibliographical references and index
505 ## - FORMATTED CONTENTS NOTE
Formatted contents note v.1- Models of teaching ; v.2- Educational technology ; v.3- Guidance and counselling ; v.4- Educational psychology; v.5- Philosophical and sociological foundations of education
942 ## - ADDED ENTRY ELEMENTS (KOHA)
Koha item type English Books
Classification part 370.3
Source of classification or shelving scheme Dewey Decimal Classification
Call number suffix SID
Holdings
Withdrawn status Lost status Materials specified (bound volume or other part) Damaged status Not for loan Collection code Home library Current library Date acquired Source of acquisition Cost, normal purchase price Total Checkouts Full call number Barcode Date last seen Copy number Cost, replacement price Price effective from Koha item type Public note
    V.4- Educa   Not For Loan Non-fiction Andrews Gunj Andrews Gunj 30/06/2008 DBAD / PUB 2800.00   370.3 SID EN-73974 15/09/2008 1 2800.00 15/09/2008 English Books V.4- Educational psychology
    v.1- Model   Not For Loan Non-fiction D.B.Act.Division D.B.Act.Division 30/06/2008 DBAD / PUB 2800.00   370.3 SID EN-73971 15/09/2008 1 2800.00 15/09/2008 English Books v.1- Models of education
    V.2-Educat   Not For Loan Non-fiction D.B.Act.Division D.B.Act.Division 30/06/2008 DBAD / PUB 2800.00   370.3 SID EN-73972 15/09/2008 1 2800.00 15/09/2008 English Books  
    V.3- Guida   Not For Loan Non-fiction D.B.Act.Division D.B.Act.Division 30/06/2008 DBAD / PUB 2800.00   370.3 SID EN-73973 15/09/2008 1 2800.00 15/09/2008 English Books  
    V.5- Philo   Not For Loan Non-fiction D.B.Act.Division D.B.Act.Division 30/06/2008 DBAD / PUB 2800.00   370.3 SID EN-73975 15/09/2008 1 2800.00 15/09/2008 English Books  

© Delhi Public Library
Hit Counter
free hit counter